00521nam a22001697a 4500003000400000005001700004008004100021020002200062040000900084082002800093100002500121245002800146250000600174260004200180300001000222650011900232OSt20240212163424.0240212b |||||||| |||| 00| 0 eng d a978-93-92199-73-8 csbcl a894.812 3 VAL-Kb142232 aValarkottu,Sebastian aKalathinte Kazhchappura a1 aKochibPranatha BookscSeptember 2023 a300p. 2Literature (Belles-lettres) and rhetoricaLiteratures of other languages vAltaic, Uralic, Hyperborean & Dravidian